000 00302nam a2200121Ia 4500
008 190722s9999 xx 000 0 und d
020 _a978-81-265-5948-0
100 _aGordon S.Linoff
245 0 _aData Analysis Using SQL & Excel
260 _aDelhi
_bWiley India
_c2016
300 _a744
942 _cBK
999 _c794
_d794